| 000 -LEADER |
| fixed length control field |
01007nam a2200289 a 4500 |
| 005 - DATE AND TIME OF LATEST TRANSACTION |
| control field |
20131021081547.0 |
| 008 - FIXED-LENGTH DATA ELEMENTS--GENERAL INFORMATION |
| fixed length control field |
930310s1992 enk b 001 0 eng |
| 020 ## - INTERNATIONAL STANDARD BOOK NUMBER |
| International Standard Book Number |
0521433746 |
| 020 ## - INTERNATIONAL STANDARD BOOK NUMBER |
| International Standard Book Number |
0521439841 |
| 041 0# - LANGUAGE CODE |
| Language code of text/sound track or separate title |
eng |
| 080 ## - UNIVERSAL DECIMAL CLASSIFICATION NUMBER |
| Universal Decimal Classification number |
323 |
| Common auxiliary subdivision |
(47+57) |
| 100 1# - Rafti |
| Rafti |
White, Stephen, |
| 100 1# - Rafti |
| -- |
1945- |
| 245 10 - TITLE STATEMENT |
| Title |
Gorbachev and after / |
| Statement of responsibility, etc |
Stephen White. |
| 250 ## - |
| -- |
3rd ed. |
| 260 ## - |
| -- |
Cambridge ; |
| -- |
New York : |
| -- |
Cambridge University Press, |
| -- |
1992. |
| 300 ## - |
| -- |
327 p. ; |
| -- |
24 cm. |
| 440 #0 - |
| -- |
Cambridge Soviet paperbacks ; |
| -- |
3 |
| 500 ## - |
| -- |
Preface : f. IX-XI |
| 500 ## - |
| -- |
Rev. ed. of: Gorbachev in power. 1990. |
| 504 ## - BIBLIOGRAPHY, ETC. NOTE |
| Bibliography, etc |
Includes bibliographical references (p. 263-317) and index. |
| 600 10 - |
| -- |
Gorbachev, Mikhail Sergeevich, |
| -- |
1931- |
| 650 #0 - |
| -- |
Demokracia |
| -- |
1985-1991. |
| -- |
Unioni Sovjetik |
| 650 #0 - |
| -- |
Politika dhe qeversija |
| -- |
1985-1991. |
| -- |
Unioni Sovjetik |
| 651 #0 - |
| -- |
Soviet Union |
| -- |
Politika dhe qeverisja |
| -- |
1985-1991. |
| 700 1# - |
| -- |
White, Stephen, |
| -- |
1945- |
| -- |
Gorbachev in power. |
| 942 ## - ADDED ENTRY ELEMENTS (KOHA) |
| Source of classification or shelving scheme |
|
| Item type |
Books |